Periodic Table Elements #2 - Statistics

General Stats
  • This quiz has been taken 8 times
  • The average score is 9 of 15
Answer Stats
Number Element % Correct
5 Boron
83%
10 Neon
83%
8 Oxygen
83%
51 Antimony
67%
29 Copper
67%
26 Iron
67%
25 Manganese
67%
101 Mendelevium
67%
93 Neptunium
67%
59 Praseodymium
67%
115 Moscovium
50%
78 Platinum
50%
104 Rutherfordium
50%
87 Francium
33%
82 Lead
33%
No matching quizzes found
Score Distribution
Percent of People with Each Score
Percentile by Number Answered
Your Score History
You have not taken this quiz